| 000 | 00455nam a22001817a 4500 | ||
|---|---|---|---|
| 003 | CEME | ||
| 005 | 20210628204802.0 | ||
| 008 | 210222b xxu||||| |||| 00| 0 eng d | ||
| 020 | _a0-86720-471-0 | ||
| 040 | _c. | ||
| 082 | _a515 STR'W | ||
| 100 |
_aStrichartz, R. S _972368 |
||
| 245 | _aThe way of analysis | ||
| 260 |
_aLONDON _bJONES & BARTLETT _c1995 |
||
| 300 | _a739P | ||
| 650 |
_aMATHEMATICL ANALYSIS ACC NO-30161 _972369 |
||
| 942 |
_cBK _2ddc |
||
| 999 |
_c578429 _d578429 |
||